000 00696nam a2200289Ia 4500
005 20260324134825.0
008 008 260324s9999 xx 000 0 eng d
020 _a9780203221020
037 _aEBOOK
040 _aCRL
040 _beng
040 _cCRL
041 _2eng
041 _aeng
084 _qCRL
100 _aRichard Howitt
_91198300
245 0 _aRethinking Resource Management
245 0 _bJustice, Sustainability and Indigenous Peoples
260 _bTaylor and Francis
260 _c2001
365 _a
365 _b420
856 _uhttp://www.taylorfrancis.com/books/9780203221020
942 _cEBOOK
999 _c1798748
_d1798748